书目信息 |
| 题名: |
量子电子学
|
|
| 作者: | 皮尔斯 | |
| 分册: | 第二分册 | |
| 出版信息: | 北京 科学出版社 1974.09 |
|
| 页数: | 99页 | |
| 开本: | 19cm | |
| 丛书名: | ||
| 单 册: | ||
| 中图分类: | TN011 | |
| 科图分类: | ||
| 主题词: | 无线电电子学--理论 , 通信技术--理论 | |
| 电子资源: | ||
| ISBN: | ||
| 000 | 00682nam0 2200217 45 | |
| 001 | 0405191546 | |
| 005 | 20060818171721.23 | |
| 010 | @dCNY0.28 | |
| 091 | @a15031.90 | |
| 100 | @a20040519d1974 km y0chiy0120 ea | |
| 101 | 0 | @achi |
| 200 | 1 | @a量子电子学@ALiang Zi Dian Zi Xue@e无线电电子学基础@h第二分册@EWu Xian Dian Dian Zi Xue Ji Chu@f(美)J·R·皮尔斯@F(Mei)J·R·Pi Er Si |
| 210 | @a北京@c科学出版社@d1974.09 | |
| 215 | @a99页@d19cm | |
| 517 | @a无线电电子学基础@AWu Xian Dian Dian Zi Xue Ji Chu | |
| 606 | 0 | @a无线电电子学@x理论 |
| 606 | 0 | @a通信技术@x理论 |
| 690 | @aTN011@v3 | |
| 701 | 0 | @a皮尔斯 |
| 801 | @aCN@bPftUser@c20060818 | |
| 905 | @f1@b3048@dTN011@e2:2@b3050@f1 | |
| 量子电子学:无线电电子学基础.第二分册/(美)J·R·皮尔斯.-北京:科学出版社,1974.09 |
| 99页;19cm |
| ISBN :CNY0.28 |
| ● |
| 相关链接 |
|
|
|
|
正题名:量子电子学
索取号:TN011/2:2
 
预约/预借
| 序号 | 登录号 | 条形码 | 馆藏地/架位号 | 状态 | 备注 |
| 1 | 0003048 | 001454517 | 第三借阅区/ [索取号:TN011/2:2] | 在馆 | |
| 2 | 0003050 | 001454526 | 第三借阅区/ [索取号:TN011/2:2] | 在馆 | |
| 3 | 0003051 | 001454508 | 第二样本阅览室/ [索取号:TN011/2:2] | 在馆 | |
| 4 | 0452243 | 204522436 | 密集书库/ [索取号:TN011/2:2] | 在馆 | |
| 5 | 0458870 | 204588703 | 密集书库/ [索取号:TN011/2:2] | 在馆 |